Modern algebra and modern trigonometry. (Record no. 3176)

MARC details
000 -LEADER
fixed length control field 00385nam a22001697a 4500
003 - CONTROL NUMBER IDENTIFIER
control field 0
005 - DATE AND TIME OF LATEST TRANSACTION
control field 20220114142416.0
008 - FIXED-LENGTH DATA ELEMENTS--GENERAL INFORMATION
fixed length control field 0
040 ## - CATALOGING SOURCE
Transcribing agency 0
050 ## - LIBRARY OF CONGRESS CALL NUMBER
Classification number QA154
Item number .S433 1972
100 ## - MAIN ENTRY--PERSONAL NAME
Personal name Sorech, Siribott
245 ## - TITLE STATEMENT
Title Modern algebra and modern trigonometry.
Statement of responsibility, etc. Siribott Soreach
260 ## - PUBLICATION, DISTRIBUTION, ETC.
Place of publication, distribution, etc. USA:
300 ## - PHYSICAL DESCRIPTION
Extent xvi, 905 pages;
Dimensions 22 cm.
504 ## - BIBLIOGRAPHY, ETC. NOTE
Bibliography, etc. note Includes index
942 ## - ADDED ENTRY ELEMENTS (KOHA)
Source of classification or shelving scheme Library of Congress Classification
Koha item type Foreign Books
Holdings
Withdrawn status Source of classification or shelving scheme Damaged status Not for loan Home library Current library Date acquired Total Checkouts Full call number Barcode Date last seen Price effective from Koha item type
  Library of Congress Classification     Cainta College Library Cainta College Library 05/22/2018   QA154.S433 1972 URSCAI-439 05/22/2018 05/22/2018 Foreign Books
  Library of Congress Classification     Cainta College Library Cainta College Library 05/22/2018   QA154.S433 1972 URSCAI-440 05/22/2018 05/22/2018 Foreign Books
  Library of Congress Classification     Cainta College Library Cainta College Library 05/22/2018   QA154.S433 1972 URSCAI-441 05/22/2018 05/22/2018 Foreign Books
  Library of Congress Classification     Cainta College Library Cainta College Library 05/22/2018   QA154.S433 1972 URSCAI-442 05/22/2018 05/22/2018 Foreign Books
  Library of Congress Classification     Cainta College Library Cainta College Library 05/22/2018   QA154.S433 1972 URSCAI-443 05/22/2018 05/22/2018 Foreign Books

University of Rizal System
Email us at univlibservices@urs.edu.ph

Visit our Website www.urs.edu.ph/library